Técnicas de lectura rápida (Registro nro. 3327)
[ vista simple ]
| 000 -CABECERA | |
|---|---|
| campo de control de longitud fija | 00641aam a2200241 4500 |
| 005 - FECHA Y HORA DE ACTUALIZACIÓN | |
| campo de control | 20161121112929.0 |
| 008 - LONGITUD FIJA | |
| campo de control de longitud fija | 150701b xxu||||| |||| 00| 0 spa d |
| 041 ## - IDIOMA | |
| Código de idioma del texto/pista de sonido o título separado | |
| 082 ## - CLASIFICACIÓN DECIMAL DEWEY | |
| Número de clasificación | 372.42 K82t |
| 100 ## - AUTOR PERSONAL | |
| Nombre de persona | Konstant, Tina |
| 245 ## - TÍTULO PROPIAMENTE DICHO | |
| Título | Técnicas de lectura rápida |
| 260 ## - PIE DE IMPRENTA | |
| Lugar de publicación, distribución, etc. | España |
| Nombre del editor, distribuidor, etc. | Amat |
| Fecha de publicación, distribución, etc. | 2003 |
| 300 ## - DESCRIPCIÓN FÍSICA | |
| Extensión | 173 páginas |
| 650 ## - Materia General | |
| Materia general | LECTURA |
| 650 ## - Materia General | |
| Materia general | FOMENTO A LA LECTURA |
| 650 ## - Materia General | |
| Materia general | LECTURA RAPIDA |
| 650 ## - Materia General | |
| Materia general | CONCENTRACIÓN |
| 650 ## - Materia General | |
| Materia general | MEMORIA |
| 650 ## - Materia General | |
| Materia general | LIBROS |
| 650 ## - Materia General | |
| Materia general | LECTURA EFICAZ |
| 650 ## - Materia General | |
| Materia general | DISTRACCIONES |
| 942 ## - Punto de Acceso Adicional Koha | |
| Tipo de ítem Koha | Libro |
| Estado perdido | Estado dañado | No para préstamo | Biblioteca permanente | Biblioteca actual | Signatura completa | Código de barras | Precio efectivo a partir del | Tipo de ítem |
|---|---|---|---|---|---|---|---|---|
| Departamento de Biblioteca y Documentación Alfonso Chase Brenes | Departamento de Biblioteca y Documentación Alfonso Chase Brenes | 372.42 K82t | 17975 | 21/10/2016 | Libro |